000
00317nam a2200109 a 4500
005
20140408090030.0
008
021128s19uu xx 00 eng d
050
_a
PHS '00
_b
Y3 #47
100
_a
Yee, Kathrine Ann
245
_a
The effects of television on the study habits of high school student of SIS.
942
_c
PASS
999
_c
96415
_d
96415